| 000 | 00323nam a2200109 4500 | ||
|---|---|---|---|
| 008 | 180215b xxu||||| |||| 00| 0 eng d | ||
| 245 |
_aDENR to ARMM farmers: _bstop kaingin amid drought. |
||
| 260 |
_aPhilippines: _bPhilippine Daily Inquirer _cc2016. |
||
| 300 | _apage A22. | ||
| 650 | 0 |
_926503 _aAgriculture. |
|
| 942 |
_2ddc _cPER |
||
| 999 |
_c8649 _d8649 |
||